Drapeaux de régions, territoires, et pays non reconnus par l'ONU - Statistiques

Statistiques générales
  • Ce quiz a été pris 99 fois
  • Le résultat moyen est 8 sur 16
Statistiques - réponses
Par images Réponse % Correct
Palestine
97%
Groenland
89%
Pays Basque
75%
Île de Man
70%
Chypre du Nord
65%
Tibet
63%
Texas
61%
Îles Cook
56%
Sahara occidental
52%
Îles Vierges Américaines
48%
Abkhazie
43%
Kabylie
38%
Nunavut
24%
Andalousie
23%
Sibérie
5%
Îlam tamoul
4%
Aucun quiz correspondant
Distribution des résultats
% des personnes avec chaque résultat
Percentile par nombre de réponses
Votre historique - résultats
Vous n’avez pas pris ce quiz